000 00996njm a2200241 i 4500
001 4694
003 ES-MaACL
007 s|r|||||||||||
008 070807s1968 sp ||| g ||||||||1|nspa d
100 0 _aPrilutzky Farny, Julia,
_d1912-2002
_993962
245 1 0 _aJulia Prilutzky
_h[Grabación sonora]
_b: selección de poemas y resumen crítico /
_cinterviene Julia Prilutzky.
260 _aMadrid :
_bAteneo de Madrid,
_c1968.
300 _a1 disco (CD-DA) (1 h. 12 min. 43 seg.) ;
_c12 cm.
490 1 _aLecturas poéticas
500 _aDatos basados en la invitación.
518 _aActo organizado por el Aula de Poesía del Ateneo de Madrid, grabado el jueves 11 de enero de 1968.
610 1 7 _aAteneo de Madrid-
_xActos culturales-
_y1968-
_vGrabaciones sonoras.
_91882
710 2 _aAteneo de Madrid.
_bAula de Poesía.
_91949
830 0 0 _aLecturas poéticas (Ateneo de Madrid)
_9177095
852 _aES-MaACL
_jROT 3/3/21
_94811
_cROT
942 _2udc
999 _c4694
_d4694